Normal view
MARC view
Entry Topical Term
001 - CONTROL NUMBER
- control field: 23541
003 - CONTROL NUMBER IDENTIFIER
- control field: dpl
005 - DATE AND TIME OF LATEST TRANSACTION
- control field: 20101015144005.0
008 - FIXED-LENGTH DATA ELEMENTS
- fixed length control field: 101015|||a|||||| | ||| d
040 ## - CATALOGING SOURCE
- Original cataloging agency: dpl
- Transcribing agency: dpl
150 ## - HEADING--TOPICAL TERM
- Topical term or geographic name as entry element: Asian
670 ## - SOURCE DATA FOUND
- Source citation: Work cat.: (dpl)41941: D. Senthilkumar 23539, Asean the dialogue forum of south east Asian nationas /, 2007
670 ## - SOURCE DATA FOUND
- Source citation: Work cat.: (dpl)41941: D. Senthilkumar 23539, Asean the dialogue forum of south east Asian nationas /, 2007
